000 00248nam a2200121Ia 4500
100 _aCIMI-DGET
942 _cBK
245 _aTool & Die Maker IInd Year Practicals.
260 _bCIMI
_aChennai
300 _a141
546 _aENGLISH
999 _c34360
_d34360